Подробности
| 000 -МАРКЕР |
| контрольное поле |
02258nam2a2200289 4500 |
| 001 - ИДЕНТИФИКАТОР ЗАПИСИ |
| контрольное поле |
RU\NLR\BIBL_A\010955450 |
| 005 - ИДЕНТИФИКАТОР ВЕРСИИ |
| контрольное поле |
20260405184957.0 |
| 010 ## - МЕЖДУНАРОДНЫЙ СТАНДАРТНЫЙ НОМЕР КНИГИ (ISBN) |
| Номер (ISBN) |
978-5-9293-1416-2 |
| Уточнения |
ч. 2 |
| Тираж |
300 |
| 021 ## - НОМЕР ГОСУДАРСТВЕННОЙ РЕГИСТРАЦИИ |
| Код страны |
Российская Федерация |
| Номер |
15-99665 |
| 035 ## - ДРУГИЕ СИСТЕМНЫЕ НОМЕРА |
| Идентификатор записи |
(NLR Aleph) 010955450 |
| 100 ## - ДАННЫЕ ОБЩЕЙ ОБРАБОТКИ |
| Данные общей обработки |
20160121d2015 |||y0rusy50 ca |
| 101 0# - ЯЗЫК РЕСУРСА |
| Язык текста, звукозаписи и т.д. |
русский |
| 102 ## - СТРАНА ПУБЛИКАЦИИ ИЛИ ПРОИЗВОДСТВА |
| Страна публикации |
Российская Федерация |
| 105 ## - ПОЛЕ КОДИРОВАННЫХ ДАННЫХ: ТЕКСТОВЫЕ МАТЕРИАЛЫ, МОНОГРАФИЧЕСКИЕ |
| Кодированные данные о монографическом текстовом документе |
y|||j|||000yy |
| 200 1# - ЗАГЛАВИЕ И СВЕДЕНИЯ ОБ ОТВЕТСТВЕННОСТИ |
| Основное заглавие |
Теория права |
| Первые сведения об ответственности |
[Е.В. Воскресенская, д.ю.н., проф., М.Л. Давыдова, д.ю.н., проф., А.В. Кузьмин, к.ю.н., доц. и др.] |
| 210 ## - ПУБЛИКАЦИЯ, РАСПРОСТРАНЕНИЕ И ДР. |
| Дата издания, распространения и т.д. |
2015 |
| Место издания, распространения и т.д. |
Б. м. |
| 215 ## - ФИЗИЧЕСКАЯ ХАРАКТЕРИСТИКА |
| Специфическое обозначение материала и объем |
248 с. |
| 320 ## - ПРИМЕЧАНИЯ О НАЛИЧИИ В ДОКУМЕНТЕ БИБЛИОГРАФИИ / УКАЗАТЕЛЯ |
| Текст примечания |
Библиогр. в конце лекций |
| 461 #0 - УРОВЕНЬ НАБОРА |
| Встроенное поле |
001RU\NLR\BIBL_A\011009026 |
| -- |
2001#$aТеория государства и права$e[курс лекций$eдля студентов всех форм обучения юридических факультетов$eв 2 ч.]$fР.Ю. Горлачёв, к.ю.н., Н.В. Григорьева, к.полит.н., доц., Ц.С. Дондоков, к.ю.н., доц. и др.]$gМ-во образования и науки Рос. Федерации, Гос. образоват. учреждение высш. проф. образования "Забайк. гос. ун-т" (ЗабГУ)$vЧ. 2 |
| Системный номер (АБИС) связанной записи |
11012367 |
| Место публикации |
Чита |
| Дата публикации |
2015 |
| Первые сведения об ответственности |
Р.Ю. Горлачёв, к.ю.н., Н.В. Григорьева, к.полит.н., доц., Ц.С. Дондоков, к.ю.н., доц. и др.] |
| Имя издателя, распространителя и т.д. |
Забайкальский государственный университет |
| Сведения, относящиеся к заглавию |
[курс лекций : для студентов всех форм обучения юридических факультетов : в 2 ч.] |
| Заглавие |
Теория государства и права |
| ISBN |
9785929314148 |
| Номер тома |
Ч. 2 |
| 701 #1 - ИМЯ ЛИЦА - АЛЬТЕРНАТИВНАЯ ОТВЕТСТВЕННОСТЬ |
| Начальный элемент ввода |
Воскресенская |
| Часть имени, кроме начального элемента ввода |
Е. В. |
| Расширение инициалов личного имени |
Елена Владимировна |
| 701 #1 - ИМЯ ЛИЦА - АЛЬТЕРНАТИВНАЯ ОТВЕТСТВЕННОСТЬ |
| Материалы, к которым относится поле |
rus |
| Графика поля |
Кириллица |
| Начальный элемент ввода |
Давыдова |
| Часть имени, кроме начального элемента ввода |
М. Л. |
| Дополнения к именам, кроме дат |
д-р юрид. наук |
| Расширение инициалов личного имени |
Марина Леонидовна |
| Идентификатор авторитетной/нормативной записи |
RU\NLR\AUTH\7781371 |
| Системный номер авторитетной/нормативной записи |
64299 |
| 701 #1 - ИМЯ ЛИЦА - АЛЬТЕРНАТИВНАЯ ОТВЕТСТВЕННОСТЬ |
| Графика поля |
Кириллица |
| Материалы, к которым относится поле |
rus |
| Начальный элемент ввода |
Кузьмин |
| Часть имени, кроме начального элемента ввода |
А. В. |
| Дополнения к именам, кроме дат |
канд. юрид. наук |
| Даты |
1970- |
| Расширение инициалов личного имени |
Андрей Владимирович |
| Системный номер авторитетной/нормативной записи |
60588 |
| Идентификатор авторитетной/нормативной записи |
RU\NLR\AUTH\7777660 |
| 942 ## - ДОПОЛНИТЕЛЬНЫЕ ЭЛЕМЕНТЫ ЗАПИСИ (АБИС) |
| Тип экземпляра АБИС |
Книга |
| 980 ## - КОЛЛЕКЦИЯ |
| Название коллекции |
Национальная библиография |